[Event "58. BEM 2004"]
[Site "Dortmund"]
[Date "2004.03.02"]
[Round "2.3"]
[White "Goldschmidt, Christian"]
[Black "Gielisch, Eckhart"]
[Result "1-0"]
[WhiteElo "2109"]
[BlackElo "1851"]
[Annotator "Fritz 7 (15s)"]
[PlyCount "95"]
[EventDate "2004.??.??"]
[Source "SG Dortmund"]
[SourceDate "2004.12.16"]

{A08: King's Indian Attack
} 1. e4 e6 2. d3 d5 3. Nd2 Nf6 4. Ngf3 c5 5. g3 Nc6
6. Bg2 b6 7. O-O Be7 8. Re1 O-O 9. e5 Nd7 10. Nf1 f6 11. exf6 Nxf6 (11... Bxf6
12. h4 Nde5 13. Ng5 h6 14. Nh3 Bd7 15. Nh2 c4 16. dxc4 Nxc4 17. Rb1 Bd4 18. c3
Bc5 19. Ng4 h5 20. Nh2 Qf6 21. Nf4 g6 22. b3 N4a5 23. Rb2 d4 24. cxd4 Nxd4 25.
b4 Nc4 26. bxc5 {
Movsziszian,K-Hernando Rodrigo,J/Paretana 2000/EXT 2001/1-0 (39)}) 12. Bf4 (12.
c4 Bd6 13. b3 Bd7 14. Bb2 d4 15. Ng5 e5 16. Nd2 Qc7 17. Nde4 h6 18. Nxf6+ Rxf6
19. Ne4 Rf7 20. Bc1 Raf8 21. Bd2 Qb8 22. Rf1 Bc7 23. a3 Bd6 24. b4 cxb4 25.
Nxd6 Qxd6 26. axb4 Bf5 {
Sanduleac,V-Parnicki,Z/Backa Palanka 2001/EXT 2002/1/2-1/2 (66)}) 12... Bd6
$146 (12... Re8 13. Ne5 Nxe5 14. Bxe5 Bd6 15. Nd2 Bxe5 16. Rxe5 Qd6 17. Qe2 Bd7
18. Re1 Rad8 19. f4 b5 20. Bh3 Kf7 21. Nf3 h6 22. g4 d4 23. g5 Nd5 24. gxh6
gxh6 25. Ng5+ hxg5 26. Qh5+ Kf8 27. Qh8+ Kf7 28. Qh7+ Kf8 29. Rxg5 {
1-0 Berg,K-Hjelmaas,L/Gausdal 1989/EXT 97 (29)}) 13. Bxd6 Qxd6 14. Qe2 {
Mit Angriff auf den rueckstaendigen Bauern} 14... Bd7 15. c3 {Ueberdeckt b4+d4}
(15. Ne5 Nd4 16. Qd2 Ba4 $11) 15... Rae8 16. Ne5 Nxe5 17. Qxe5 Qxe5 18. Rxe5
Ng4 19. Re2 Bb5 20. Rd1 Rf6 21. f4 d4 {Schwarz will den Gegner einengen} 22. c4
Bd7 23. Rde1 Kf8 24. Bh3 Nh6 25. a3 {Der rueckstaendige e6 wird zum Brennpunkt}
25... a5 26. b4 axb4 27. axb4 Ra8 $2 (27... cxb4 $142 $5 {
damit waere Schwarz im Spiel geblieben} 28. Rb2 Nf7 $14) 28. bxc5 $18 bxc5 29.
Re5 (29. Nd2 $5 Rc8 $18) 29... Ra3 $16 30. Rd1 Ra5 31. Nd2 Nf7 32. Ree1 g5 (
32... Ra2 33. Ne4 Rh6 34. Nxc5 Rxh3 35. Nxd7+ Ke7 $11) 33. Nb3 $18 Ra7 34. Nxc5
gxf4 35. Nxd7+ Rxd7 36. Bxe6 Ra7 37. Bxf7 Kxf7 38. Rd2 fxg3 39. hxg3 Ra3 40.
Kg2 Rc3 41. Re4 Rd6 42. Kf3 Kf6 43. Rf4+ Ke6 (43... Ke7 44. Ke4 Rc1 45. Ke5 $18
) 44. Ke4 Rc1 45. Rh4 Re1+ 46. Kf4 Rf1+ 47. Kg4 Rd7 (47... Rf7 48. Rb2 $18) 48.
Rh6+ (48. Rh6+ Ke7 49. Rxh7+ Kd8 50. Rxd7+ Kxd7 51. Rb2 $18) 1-0

[Event "58. BEM 2004"]
[Site "Dortmund"]
[Date "2004.03.02"]
[Round "2.4"]
[White "Ziperstein, Jakob"]
[Black "Schiefelbusch, Dirk"]
[Result "1-0"]
[WhiteElo "1831"]
[BlackElo "2103"]
[Annotator "Fritz 7 (15s)"]
[PlyCount "165"]
[EventDate "2004.??.??"]
[Source "SG Dortmund"]
[SourceDate "2004.12.16"]

{B10: Caro-Kann: 2 d3 and 2 c4
} 1. e4 c6 2. Nf3 d5 3. exd5 cxd5 4. d4 Nf6 5.
Be2 Nc6 6. O-O Bg4 (6... Bf5 7. Nc3 e6 8. Bf4 a6 9. Re1 Bb4 10. Bd3 Bg4 11. a3
Bd6 12. Be3 O-O 13. h3 Bh5 14. Be2 Qc7 15. Nd2 Bg6 16. Nb3 b5 17. Bd3 Na5 18.
Nxa5 Qxa5 19. a4 b4 20. Ne2 Rac8 21. Nc1 {
Barua,D-Condie,M/Edinburgh 1985/EXT 99/1/2-1/2 (40)}) 7. Re1 $146 (7. c3 e6 8.
Bf4 Bd6 9. Bxd6 Qxd6 10. Ne5 Bxe2 11. Qxe2 O-O 12. Nd2 a6 13. Rfe1 Rae8 14.
Rad1 b5 15. Nb3 Ra8 16. Rd3 Qc7 17. Rh3 g6 18. Qe3 h5 19. Qf4 Nxe5 20. dxe5 Nh7
21. Qh6 Qe7 {Danek,P-Hanuliak,S/Tatranske Zruby 2001/CBM 84 ext/1-0 (68)}) (7.
Be3 e6 8. c4 Qc7 9. c5 Be7 10. Nc3 a6 11. a3 O-O 12. Qc1 Bxf3 13. Bxf3 Rad8 14.
b4 e5 15. Rd1 e4 16. Be2 Qd7 17. f3 Qe6 18. Re1 Rfe8 19. Bf2 Bf8 20. Bd3 Qd7
21. fxe4 dxe4 {Tofalusi,M-Deak,Z/HUN 1995/EXT 99/0-1 (56)}) (7. Nc3 e6 8. a3
Bd6 9. Re1 O-O 10. Be3 a6 11. b4 Qc7 12. g3 Nxb4 13. axb4 Qxc3 14. Bd2 Qc7 15.
c3 Ne4 16. Rc1 b5 17. Ne5 Bxe2 18. Rxe2 Rfc8 19. Re3 Nxd2 20. Qxd2 Bxb4 21. Rf3
f6 {Ebel,K-Hoenig,A/Germany 1996/GER/0-1 (32)}) 7... e6 8. c3 {Es geht um b4}
8... Be7 9. Nbd2 O-O 10. Nf1 h6 {Deckt g5} 11. Ng3 Nh5 12. Nxh5 Bxh5 13. Ne5
Bxe2 14. Qxe2 Nxe5 15. Qxe5 Bf6 (15... Bd6 $5 {ist zu ueberlegen} 16. Qh5 Qf6
$11) 16. Qh5 Bg5 17. Bxg5 Qxg5 18. Qxg5 hxg5 19. Re5 g4 20. Rae1 Rfe8 21. Kf1
Kh7 22. R1e3 g6 23. Rg3 b5 24. Rxg4 Kg7 25. Rg3 Kf6 26. Re1 Rec8 27. Rf3+ Kg7
28. Ke2 Rc4 29. Rd3 Rac8 30. a3 a5 {Schwarz plant b4} 31. Kd2 b4 32. axb4 axb4
33. Ra1 Rb8 34. Kc2 Rc7 35. Rd2 bxc3 36. bxc3 Rbc8 37. Ra3 Kf6 38. Kd3 Kf5 39.
Rb2 Kf6 40. h3 Kg7 41. Rb6 Kf6 42. Rb5 Kg7 43. Kd2 Kf6 44. Rb2 Kg7 45. Kd3 Kf6
46. Rc2 Kg7 47. Ra4 Rd7 48. f4 Kf6 49. Ra1 Rdc7 50. Re1 Rb7 51. Rf1 Ra7 52. g4
Rh8 53. Rh2 Ra3 54. Rb1 Rc8 55. Rc2 Rh8 56. Rh1 Rb3 57. Rch2 Rc8 58. Rc1 Ra3
59. h4 Rb3 60. Rf2 Rh8 61. Rh1 Rc8 62. Rc2 Rh8 63. Rch2 (63. h5 $142 $5 gxh5
64. Rxh5 Rxh5 65. gxh5 $14) 63... Rc8 $11 64. Rc1 Rh8 65. Kc2 Rhb8 66. Kd3 (66.
Rch1 Ra3 $16) 66... Rh8 67. Re1 (67. h5 $142 $5 $16) 67... Rc8 $11 68. g5+ Kf5
69. Rc2 Rc7 70. Re5+ Kxf4 71. Re1 Kg3 72. h5 gxh5 73. g6 fxg6 74. Rg1+ Kh3 75.
Rxg6 (75. Rh1+ $5 {ist interessant} 75... Kg4 76. Rg1+ Kh3 77. Rh1+ Kg4 78.
Rg1+ Kh3 $11) 75... Rf7 $15 76. Rxe6 Rf3+ 77. Re3 Rg3 78. Ke2 (78. Rxg3+ Kxg3
79. Rc1 h4 80. Rg1+ Kf4 81. Rf1+ Kg4 82. Rg1+ Kf5 83. Rf1+ Kg6 84. Rg1+ Kh5 $15
) 78... Rxe3+ 79. Kxe3 h4 (79... Kg3 $142 $5 $17) 80. Kf4 $11 Rb1 {
(Schulenburg: Schwarz bot hier Remis an.)} 81. c4 dxc4 82. Rxc4 Kg2 83. Rc2+ {
(Schulenburg: Schwarz ueberschritt die Zeit.)} (83. Rc2+ Kh3 84. Rc3+ Kg2 85.
Rd3 $11) 1-0

[Event "58. BEM 2004"]
[Site "Dortmund"]
[Date "2004.03.02"]
[Round "2.5"]
[White "Barskij, Aleksandr"]
[Black "Litwak, Aleksej"]
[Result "1/2-1/2"]
[WhiteElo "1828"]
[BlackElo "2067"]
[Annotator "Fritz 7 (15s)"]
[PlyCount "133"]
[EventDate "2004.??.??"]
[Source "SG Dortmund"]
[SourceDate "2004.12.16"]

{B45: Sicilian Four Knights
} 1. e4 c5 2. Nf3 e6 3. d4 cxd4 4. Nxd4 Nf6 5. Nc3
Nc6 6. Nxc6 bxc6 7. e5 Nd5 8. Ne4 Qc7 9. f4 Qb6 10. c4 Bb4+ 11. Ke2 f5 12. Nf2
Ba6 13. Kf3 Ne7 14. Be3 Bc5 15. Bxc5 Qxc5 16. Qd6 Qb6 17. b3 c5 18. Rd1 {
Der Bauer d7 ist rueckstaendig} 18... Rd8 19. Nd3 Rc8 20. Nb2 Bb7+ 21. Kg3 Bc6
22. Nd3 $146 (22. h4 Qa5 23. Nd3 Be4 24. Nf2 Bc6 25. Qd2 Qb6 26. Rh3 a5 27. Kh2
a4 28. Re3 axb3 29. axb3 O-O 30. Qd6 Ng6 31. g3 Rf7 32. Bg2 Qb7 33. Bxc6 Rxc6
34. Qd2 Nf8 35. Nd3 Re7 36. Nb2 Re8 {
Mokry,K-Vukic,M/Zenica 1986/EXT 97/1-0 (121)}) 22... Be4 23. Nb2 (23. Nf2 Qb7
$14) 23... Bc6 24. Nd3 (24. Qd2 Qc7 25. Be2 g5 26. Bh5+ Ng6 $16) 24... Be4 25.
Nf2 Bc6 26. Be2 Kf7 27. h4 Rhd8 28. Bf3 Bxf3 29. Qxb6 axb6 30. Kxf3 Ra8 31. a4
Nc6 32. Ke3 (32. Rd6 $5 $14 {kam sehr in Betracht}) 32... Nd4 $11 33. Rd3 d6
34. exd6 Rxd6 35. Rhd1 Rad8 36. Nh3 (36. R3d2 Nc2+ 37. Rxc2 Rxd1 38. Nxd1 Rxd1
$11) 36... h6 {Nimmt Einfluss auf g5} 37. h5 Kf6 38. Nf2 (38. Kf2 $5 $11 {
ist zu beachten}) 38... e5 $17 39. fxe5+ Kxe5 40. g3 Kf6 (40... g5 $5 41. hxg6
Rxg6 $17) 41. Nh3 $15 Re6+ 42. Kf2 Re2+ 43. Kf1 Rb2 44. Nf4 Kg5 45. Rxd4 (45.
Re1 $142 $5 {ist noch spielbar} 45... Kg4 46. Re7 $15) 45... Rxd4 $19 46. Ne6+
Kg4 (46... Kxh5 $5 47. Nxd4 cxd4 48. Rxd4 Rxb3 $19) 47. Nxd4 $17 cxd4 48. Rxd4+
Kxg3 49. Rd7 Kf3 50. Kg1 Rxb3 51. Rxg7 Rb1+ 52. Kh2 Rb4 53. Rg6 Rxc4 54. Rxh6 (
54. Rxb6 $5 {sieht gut aus} 54... Rxa4 55. Rxh6 Rh4+ 56. Kg1 Rg4+ 57. Kf1 $15)
54... Rxa4 $17 55. Rxb6 Rh4+ 56. Kg1 Rxh5 57. Rb3+ Kg4 58. Kf2 Rh2+ 59. Kf1 Ra2
60. Rc3 f4 61. Rb3 Rh2 62. Ra3 Rh8 63. Rb3 Rg8 64. Ra3 Rb8 65. Kf2 Rb2+ 66. Kf1
f3 67. Ra8 1/2-1/2

[Event "58. BEM 2004"]
[Site "Dortmund"]
[Date "2004.03.02"]
[Round "2.6"]
[White "Zimmermann, Dirk"]
[Black "Volmer, Martin"]
[Result "0-1"]
[WhiteElo "2025"]
[BlackElo "1779"]
[Annotator "Fritz 7 (15s)"]
[PlyCount "90"]
[EventDate "2004.??.??"]
[Source "SG Dortmund"]
[SourceDate "2004.12.16"]

{D35: Queen's Gambit Declined: Exchange Variation
} 1. d4 d5 2. c4 c6 3. Nf3
Nf6 4. Nc3 e6 5. Bg5 Nbd7 6. cxd5 exd5 7. e3 Qa5 8. Nd2 Bb4 9. Qc2 O-O 10. Bd3
Re8 11. O-O h6 (11... Bf8 12. Rae1 g6 13. f4 Ng4 14. f5 f6 15. h3 h6 16. Bf4 g5
17. hxg4 gxf4 18. exf4 Rxe1 19. Rxe1 Qc7 20. Nxd5 Qd6 21. Ne4 Qb8 22. Ndxf6+
Nxf6 23. Nxf6+ Kg7 24. Nh5+ Kh8 25. d5 Bd7 26. Qc3+ {
1-0 Nimsch,H-Fickartz,G/GER 2000/EXT 2002 (26)}) 12. Bh4 Bd6 (12... Bf8 13. a3
g5 14. Bg3 Nh5 15. Rae1 Bg7 16. Bd6 Re6 17. Bb4 Qd8 18. Ne2 a5 19. Bc3 Nf8 20.
a4 Ng6 21. Ng3 Nxg3 22. hxg3 g4 23. f4 Nf8 24. Bf5 Rd6 25. Bxc8 Rxc8 26. Qf5
Rg6 27. Rd1 {Ristic,N-Sekulic,D/Kladovo 1994/EXT 2000/1-0 (48)}) 13. Rae1 Qc7
14. f4 $146 (14. Bg3 Bxg3 15. hxg3 Nb6 16. Nf3 Ng4 17. e4 dxe4 18. Nxe4 Be6 19.
Nc5 Bd5 20. Nh4 Nf6 21. Nf5 Nbd7 22. Qd2 Nf8 23. a3 b6 24. Na6 Qd7 25. Qf4 Rxe1
26. Rxe1 Re8 27. Re5 Re6 28. Ne3 Re8 {
Stoeber,M-Kurr,G/Germany 1996/GER/1-0 (63)}) 14... a6 {Kontrolliert b5} (14...
Ng4 $5 {kommt in Betracht} 15. Rf3 Kh8 $11) 15. e4 $14 dxe4 16. Ndxe4 Nxe4 17.
Bxe4 Nb6 (17... Bxf4 $4 {vergiftet...} 18. Bh7+ Kf8 19. Rxe8+ Kxe8 20. Qe2+ Be5
21. Rxf7 $18) 18. h3 {Befestigt g4} 18... Be6 19. f5 Bc4 20. Rf3 Bd5 21. b3 {
Verwehrt dem Gegner a4+c4} 21... Rac8 22. Rfe3 Bxe4 23. Rxe4 Rxe4 24. Nxe4 Bb4
25. Rf1 Nd5 {Eine wichtige Figur} 26. Bf2 Re8 27. Rc1 (27. Nc5 $5 $17) 27...
Qf4 28. Nc5 Re7 (28... Qg5 29. Nxb7 Nf4 30. Qxc6 $17) 29. Nd3 Qg5 30. h4 Qh5
31. Ne5 f6 32. g4 Qe8 33. Bg3 $4 {schlecht aber verstaendlich} (33. Ng6 $142
Re2 34. Qd3 $19) 33... fxe5 34. dxe5 Rxe5 35. Bxe5 Qxe5 36. Qf2 (36. Kh1 Qe3
37. f6 Nc3 38. f7+ Kf8 $19) 36... Bc3 (36... Nf4 37. Qf3 Ne2+ 38. Kg2 Nxc1 39.
g5 hxg5 40. hxg5 Nxa2 41. Kh3 $19) 37. Kh1 Qe4+ 38. Qg2 Qe3 (38... Qd3 $5 {
ginge schneller} 39. Rxc3 Nxc3 40. Kh2 $19) 39. Rf1 Nf4 (39... Be5 $142 $19 {
laesst dem Gegner kaum Chancen}) 40. Qf3 Qxf3+ 41. Rxf3 Nd5 42. Kg2 Kf7 43. g5
(43. h5 $142 $19) 43... hxg5 44. hxg5 Bd2 45. Rg3 Bf4 (45... Bf4 46. Rd3 g6 47.
fxg6+ Kxg6 $19) 0-1

[Event "58. BEM 2004"]
[Site "Dortmund"]
[Date "2004.03.02"]
[Round "2.7"]
[White "Hellwig, Thomas"]
[Black "Naundorf, Maik"]
[Result "0-1"]
[WhiteElo "1806"]
[BlackElo "2015"]
[Annotator "Fritz 7 (15s)"]
[PlyCount "112"]
[EventDate "2004.??.??"]
[Source "SG Dortmund"]
[SourceDate "2004.12.16"]

{E16: Queen's Indian: 4 g3 Bb7 5 Bg2 Bb4+
} 1. d4 Nf6 2. c4 e6 3. Nf3 Bb4+ 4.
Nbd2 b6 5. g3 Bb7 6. Bg2 O-O 7. O-O a5 8. a3 (8. Qc2 Na6 9. e4 Bxd2 10. Nxd2 c5
11. d5 exd5 12. exd5 d6 13. b3 Bc8 14. Bb2 Nb4 15. Qc3 Bf5 16. Ne4 Ne8 17. Rfe1
f6 18. Re3 Ra7 19. a3 Na6 20. Rae1 Raf7 21. h3 Bd7 22. g4 b5 {
Ftacnik,L-Vokac,M/CZE 1997/EXT 98/1-0 (42)}) 8... Bxd2 (8... Be7 9. Qc2 c5 10.
e4 d5 11. cxd5 exd5 12. e5 Ne8 13. Rd1 Nc6 14. dxc5 bxc5 15. Nb3 Rc8 16. Nxc5
Ba8 17. Be3 d4 18. Nxd4 Nxd4 19. Rxd4 Qc7 20. Bxa8 Qb8 21. Rc4 Qxa8 22. Nd7
Rxc4 23. Qxc4 Qb7 24. Nxf8 Bxf8 25. Rd1 Qe7 26. Qc8 g6 27. Rd8 Ng7 28. Bg5 f6
29. Bxf6 Qf7 30. Rd7 Qxd7 {1-0 Almeida,O-Garcia,O/Las Tunas 2001/CBM 83 (30)})
9. Bxd2 a4 10. Rc1 $146 (10. Re1 Qc8 11. Rc1 d6 12. Bf4 Nbd7 13. Qc2 Be4 14.
Qc3 Qb7 15. Bf1 Rfe8 16. Bg5 h6 17. Be3 e5 18. Nd2 exd4 19. Bxd4 Bc6 20. f3 Re7
21. e4 Ne8 22. Bg2 b5 23. c5 dxc5 24. Bxc5 Nxc5 25. Qxc5 Re6 26. Nf1 Ra6 27.
Ne3 Nd6 28. Bh3 Re8 29. Red1 {
1/2-1/2 Schlais,H-Holzhaeuer,M/Wuerttemberg 1995/EXT 99 (29)}) (10. Bg5 Be4 11.
Nd2 Bxg2 12. Kxg2 h6 13. Bxf6 Qxf6 14. Ne4 Qf5 15. Nc3 Qa5 16. e4 d6 17. f4 Nd7
18. f5 e5 19. Nd5 exd4 20. Qxd4 Ra7 21. Ne7+ Kh7 22. Nc6 Qa6 23. Rfe1 Raa8 24.
e5 Nxe5 25. Nxe5 dxe5 26. Rxe5 Rad8 27. Rd5 Qa8 28. Rd1 Rfe8 29. Kf2 Rxd5 30.
Qxd5 Qxd5 31. Rxd5 Re4 32. c5 Rc4 33. cxb6 cxb6 34. Rb5 Rc2+ 35. Kg1 Rc6 36. g4
g6 37. Kf2 gxf5 38. gxf5 Kg7 39. Rb4 Kf6 40. Rb5 Rd6 41. Ke3 Kg5 42. Rb4 Kxf5
43. Rxa4 Kg5 44. Rb4 f5 {Baerthel,J-Gundlach,F/Germany 1995/GER/1/2-1/2 (69)})
10... h6 {Verwehrt dem Gegner g5} 11. h3 {Es geht um g4} 11... d6 {
Der Gegner darf nicht nach e5} 12. g4 Ne4 13. Bf4 Nd7 14. Nd2 Nxd2 15. Qxd2
Bxg2 16. Kxg2 Qf6 17. Bg3 e5 18. e3 Qg6 19. dxe5 Nxe5 20. Bxe5 Qe4+ 21. f3 Qxe5
22. Rc3 Ra5 23. Rd3 Re8 24. e4 Qg5 25. Qxg5 hxg5 26. Rd5 Re5 27. Rfd1 Rc5 28.
R1d4 f6 29. Kg3 Kf7 30. h4 gxh4+ 31. Kxh4 g5+ 32. Kg3 Re8 33. Rxc5 bxc5 34. Rd2
Rh8 35. Kg2 Ke6 36. Rd3 Rb8 37. Rd2 Rb3 38. Kg3 c6 39. Kf2 Rb7 40. Kg3 Rh7 41.
Kg2 Ke5 42. Rd3 Rb7 43. Rd2 Rd7 44. Kg3 d5 45. exd5 cxd5 46. Re2+ Kd6 47. cxd5
Kxd5 48. f4 Kc4 {Aktiver Koenig im Endspiel} 49. fxg5 fxg5 50. Rc2+ Kb5 51. Rc3
c4 52. Rf3 Rd3 53. Rxd3 $4 {Weiss zeigt sich dem Druck nicht mehr gewachsen} (
53. Kf2 $142 Kc5 54. Rf5+ Kd4 55. Rxg5 Rd2+ 56. Kf3 Rxb2 57. Rg8 Rb3+ 58. Kf2
$19) 53... cxd3 $19 54. Kf3 Kc5 55. Ke3 Kc4 56. Kd2 Kd4 (56... Kd4 57. Kc1 Ke3
$19) 0-1

[Event "58. BEM 2004"]
[Site "Dortmund"]
[Date "2004.03.02"]
[Round "2.8"]
[White "Zachos, Ingo"]
[Black "Hardt, Helmut"]
[Result "0-1"]
[WhiteElo "2012"]
[BlackElo "1766"]
[Annotator "Fritz 7 (15s)"]
[PlyCount "92"]
[EventDate "2004.??.??"]
[Source "SG Dortmund"]
[SourceDate "2004.12.16"]

{B07: Pirc Defence: Miscellaneous Systems
} 1. e4 d6 2. d4 c6 3. Nc3 Nd7 4. Nf3
a6 $146 {Der Gegner darf nicht nach b5} (4... b5 5. d5 b4 6. dxc6 bxc3 7. cxd7+
Bxd7 8. b3 Qa5 9. Bc4 e6 10. O-O Nf6 11. Qe2 Be7 12. e5 dxe5 13. Nxe5 O-O 14.
Nxd7 Nxd7 15. Bxe6 Nb6 16. Bg4 Rfe8 17. Re1 Kf8 18. Qd3 Bf6 19. Be3 Kg8 20. a4
Re5 21. Bf4 Rd5 22. Qe4 h5 23. b4 Qa6 24. Be2 Qc8 25. Bd3 g6 26. a5 Rxd3 27.
Qxd3 Nc4 28. Qd5 a6 29. b5 axb5 30. Qxb5 Nd2 31. a6 Bd4 32. Qb7 Qd8 33. Be3 Ra7
34. Bxd4 Qxd4 35. Re7 Rxb7 36. axb7 Kf8 37. Rae1 {
1-0 Estrin,Y-Shashin,A/Moscow 1964/EXT 2000 (37)}) (4... e5 5. Be2 Be7 6. O-O
Qc7 7. b3 Nf8 8. Bb2 Ng6 9. d5 Nf6 10. Nd2 O-O 11. Nc4 b5 12. Nd2 b4 13. Na4
cxd5 14. exd5 Bb7 15. c4 bxc3 16. Nxc3 Nxd5 17. Nxd5 Bxd5 18. Nc4 Bb7 19. Rc1
Qd8 20. Bf3 e4 21. Be2 Nf4 22. Ne3 d5 23. Nf5 Bf6 24. Qd2 Bxb2 25. Qxf4 Bxc1
26. Rxc1 Rc8 27. Rd1 Qf6 28. Qg4 Rc3 29. h4 g6 30. Ne3 d4 31. Nc4 d3 32. Bf1
Rc2 33. Rd2 Bd5 34. Ne3 Rxd2 35. Nxd5 Qxf2+ {
0-1 Vospernik,A-Burmakin,V/Portoroz 1995/CBM 46 ext (35)}) (4... Qc7 5. Bf4 e5
6. Bg3 Ne7 7. Bc4 h6 8. Qd2 Ng6 9. h4 Be7 10. Rd1 Nb6 11. Bb3 h5 12. Ng5 Bxg5
13. Qxg5 Qe7 14. Qxe7+ Kxe7 15. O-O f5 16. exf5 Bxf5 17. Rfe1 Kf6 18. dxe5+
Nxe5 19. Rxd6+ Ke7 20. Bxe5 Nd7 21. Bf4+ Kd8 22. Be6 Bxe6 23. Rexe6 Re8 24. Rg6
Re1+ 25. Kh2 Ke8 26. Rxg7 Re7 27. Rg8+ {
1-0 Ertel,S-Simohina,E/Kazan 2001/EXT 2002 (27)}) (4... h6 5. a3 e6 6. Bc4 Be7
7. Be3 a6 8. d5 cxd5 9. exd5 e5 10. Ne4 Ndf6 11. Qd3 Nxe4 12. Qxe4 Nf6 13. Qd3
Qc7 14. Qb3 b5 15. Be2 Bb7 16. c4 Kf8 17. Rc1 Qd7 18. O-O g6 19. cxb5 Bxd5 20.
Qc3 axb5 21. Qc7 Bc4 22. Qxd7 Nxd7 23. Bxc4 bxc4 24. Rxc4 Rb8 25. b4 d5 26. Rc7
Ke8 27. Rfc1 d4 28. Bd2 Rg8 29. Rc8+ Rxc8 30. Rxc8+ Bd8 31. Bxh6 Ke7 32. Bd2
Ke6 33. Rc6+ Kd5 34. b5 Be7 35. a4 g5 36. h3 f5 37. a5 g4 38. hxg4 fxg4 39. Ne1
{Ortiz,E-Pat,S/Merida 1997/EXT 2002/0-1 (56)}) 5. Bc4 e6 {Punkt d5} 6. a4 d5 7.
Bd3 Bb4 8. O-O Ne7 9. Qe2 Nf6 (9... Qa5 $5 $14) 10. e5 $16 Nd7 11. Nd1 c5 {
Greift die Basis der Bauernkette an} 12. c3 Ba5 13. Ng5 g6 {
Nimmt Einfluss auf f5} 14. Qf3 O-O (14... Nf5 $5 $16) 15. Qh3 $18 h5 16. Nxe6 (
16. g4 Kg7 17. gxh5 Rh8 $18) 16... Nxe5 (16... fxe6 $142 $5 {
ist vielleicht staerker} 17. Qxe6+ Rf7 18. Bxg6 Nxe5 19. Bxf7+ Nxf7 $11) 17.
Nxd8 $16 Bxh3 18. dxe5 Bc8 19. Nxb7 Bxb7 20. Bg5 Nc6 21. f4 c4 22. Bb1 Bb6+ 23.
Kh1 Rfe8 24. Bf6 {Der Laeufer ist gut plaziert} 24... Na5 25. Bc2 Bc5 26. Nf2
Bc8 (26... Rab8 $5 $11 {muss beachtet werden}) 27. Rad1 $16 Be6 28. Nh3 Rab8
29. f5 (29. Ng5 $142 $5 Rxb2 30. Nxe6 Rxe6 31. Rxd5 $18) 29... gxf5 $14 30.
Bxf5 Rxb2 31. Rf3 Reb8 32. Rg3+ Kf8 33. Bh7 Ke8 34. Rg8+ Kd7 35. Nf4 {
Der rueckstaendige Bauer d5 wird angegriffen} 35... Rxg8 36. Bxg8 Rb3 (36...
Nb3 $142 {sieht noch spielbar aus} 37. Nxd5 Rd2 38. Rxd2 Nxd2 $15) 37. Nxd5 $16
Bxd5 38. Rxd5+ $4 {vergibt den Vorteil} (38. Bxf7 $142 {
nun kommt Weiss in Vorteil} 38... Kc7 39. Bxd5 Rxc3 40. Bf7 $18) 38... Ke6 $15
39. Rd1 Nc6 40. g3 (40. Rf1 $5 $15 {lohnt die Pruefung}) 40... Rxc3 $17 41. Bh8
Rd3 42. Rf1 Nd8 (42... Nxe5 $5 43. Rf6+ Ke7 $17) 43. Bh7 Rd2 44. Bf5+ (44. Be4
$5 $11 {ist zu pruefen}) 44... Kd5 $17 45. Bf6 Ne6 46. Bh3 c3 (46... c3 47.
Bg2+ Kc4 $19) 0-1

[Event "58. BEM 2004"]
[Site "Dortmund"]
[Date "2004.03.02"]
[Round "2.9"]
[White "Iwannek, Ralf"]
[Black "Kalikhman, Grigorij"]
[Result "0-1"]
[WhiteElo "1771"]
[BlackElo "1975"]
[Annotator "Fritz 7 (15s)"]
[PlyCount "70"]
[EventDate "2004.??.??"]
[Source "SG Dortmund"]
[SourceDate "2004.12.16"]

{C01: French: Exchange Variation
} 1. e4 e6 2. d4 d5 3. exd5 exd5 4. Bd3 Bd6 5.
Nf3 Bg4 6. O-O Ne7 7. Bg5 f6 8. Bh4 Nbc6 9. c3 Qd7 10. Bg3 O-O-O (10... Bxg3
11. hxg3 h5 12. Nbd2 h4 13. gxh4 Rxh4 14. Qb3 Rh6 15. Qxb7 Rb8 16. Qa6 Kf7 17.
Rfe1 Qd6 18. Nf1 Bxf3 19. gxf3 Qf4 20. Ng3 Rbh8 21. Rxe7+ Nxe7 22. Re1 Qxg3+
23. fxg3 Rh1+ 24. Kf2 R8h2+ 25. Ke3 Rxe1+ 26. Kf4 g5+ 27. Kg4 Ng8 {
0-1 Jurkovic,A-Soffer,R/Budapest 1994/EXT 97 (27)}) 11. Nbd2 h5 $146 (11... Ng6
12. Bxd6 Qxd6 13. Qc2 Nce7 14. Rfe1 Kb8 15. a4 Nf4 16. Bf1 h5 17. b4 g5 18. a5
Bf5 19. Qb3 h4 20. Re3 g4 21. Ne1 Rdg8 22. c4 g3 23. hxg3 hxg3 24. Rxg3 Rxg3
25. fxg3 dxc4 26. Qxc4 Nfd5 27. b5 Ne3 28. Qc5 Qxg3 29. Qxe7 Ng4 {
0-1 Aguilar Canete,E-Corredor Pravia,M/Asturias 2000/EXT 2002 (29)}) (11... Kb8
12. a4 g5 13. Re1 Bxg3 14. fxg3 f5 15. Qb3 Rdg8 16. Bb5 Qd6 17. c4 f4 18. cxd5
Nxd5 19. Bxc6 Qxc6 20. Ne5 Qd6 21. Ne4 Qe6 22. Nc5 Qc8 23. Qxd5 Rd8 24. Qb3 Bh5
25. Nc6+ {1-0 Mueller,P-Rossi,E/Berlin 1998/EXT 2002 (25)}) 12. Bxd6 Qxd6 13.
h3 (13. Qa4 Rde8 $14) 13... Bf5 14. Qc2 Bd7 15. Nh4 (15. Nb3 g5 16. Nfd2 h4 $11
) 15... Qf4 (15... Bxh3 16. gxh3 g5 17. Nf5 Nxf5 18. Bxf5+ Kb8 19. Rfe1 $18)
16. Ndf3 g5 17. g3 Qd6 18. Nf5 Nxf5 19. Bxf5 Ne7 20. Bxd7+ Qxd7 21. Kg2 g4 22.
hxg4 Qxg4 (22... h4 $5 $17) 23. Nh4 $11 Rhg8 24. Kh2 f5 25. Rae1 f4 26. Qd3 Rg7
(26... Rdf8 27. Rg1 fxg3+ 28. Qxg3 $15) 27. Re5 Rf8 28. Rxe7 $4 {
vergroessert seine Probleme} (28. Rfe1 $142 Rff7 29. Qf3 Qxf3 30. Nxf3 fxg3+
31. fxg3 Rxf3 32. Rxe7 Rxe7 33. Rxe7 Rf2+ 34. Kh3 Rxb2 35. a4 $15) 28... Rxe7
$19 29. Ng6 fxg3+ 30. fxg3 (30. Qxg3 {ist noch eine Idee} 30... Qxg3+ 31. fxg3
Re2+ 32. Kg1 $19) 30... Re2+ 31. Kg1 Rxf1+ 32. Kxf1 Re4 33. Nf4 c6 (33... h4
$142 {und Schwarz ist direkt am Ziel} 34. Nxd5 hxg3 35. Kg2 Re2+ 36. Qxe2 Qxe2+
37. Kxg3 Qxb2 38. Kf3 $19) 34. c4 (34. Ng2 {aendert den Lauf der Dinge nicht}
34... Qh3 35. Qf3 Qh1+ 36. Kf2 Qb1 $19) 34... Qf5 35. cxd5 (35. Qf3 {
verlaengert das Leiden} 35... h4 $1 {war die Absicht} 36. Kf2 hxg3+ 37. Kxg3
dxc4 38. Ne2 $19) 35... Rxf4+ $1 {Beseitigung einer Deckungsfigur: f4} (35...
Rxf4+ 36. Ke2 Rf2+ 37. Ke1 Qxd3 38. Kxf2 Qxd4+ 39. Kf3 Qxd5+ 40. Kf4 Qg8 $19)
0-1